Desať rokov slovenskej meny

Rozhovor s ing. Jánom Mathesom, vrchným riaditeľom peňažného ústavu a členom Bankovej rady NBS, ktorý stál pri zrode novej slovenskej bankovky a riadil činnosti súvisiace s jej uvedením do peňažného obehu.

Salvato in:
Dettagli Bibliografici
Autore principale: Polónyiová, Alica
Altri autori: Mathes, Ján
Natura: Capitolo di libro
Lingua:slovacco
Soggetti:
Tags: Aggiungi Tag
Nessun Tag, puoi essere il primo ad aggiungerne!!

MARC

LEADER 00000naa a2200000 4500
001 r048778
005 20220729103803.4
041 0 |a slo 
044 |a SK 
245 1 0 |a Desať rokov slovenskej meny  |c Aut.interv. Alica Polónyiová, účastník interv. Ján Mathes 
520 |a Rozhovor s ing. Jánom Mathesom, vrchným riaditeľom peňažného ústavu a členom Bankovej rady NBS, ktorý stál pri zrode novej slovenskej bankovky a riadil činnosti súvisiace s jej uvedením do peňažného obehu. 
610 2 0 |a mena 
610 2 0 |a bankovky 
610 2 0 |a koruna 
610 2 0 |a Slovensko 
610 2 0 |a peniaze 
610 2 0 |a zásoba peňažná 
610 2 0 |a NBS Bratislava 
610 2 0 |a 1993-2003 
100 1 |a Polónyiová, Alica 
700 1 |a Mathes, Ján